Sports Quiz

Random Sports or MLB Quiz

'B' Big 4 on a Map Quiz Stats

 Plays Quiz Updated Apr 8, 2018

Score 0/15 Timer 03:00
6 Plays Today
% Correct
Bears
87.2%
Bulls
86.2%
Bruins
83.9%
Broncos
83.5%
Brewers
83%
Braves
82.5%
Bills
82.3%
Browns
81%
% Correct
Bucks
80.4%
Buccaneers
80%
Blackhawks
79.5%
Bengals
74.9%
Blue Jays
72.9%
Blues
71.7%
Blue Jackets
67.9%

You're not logged in!

Compare scores with friends on all Sporcle quizzes.
OR
Log In

You Might Also Like...

Show Comments

Extras

Top Quizzes Today


Score Distribution

Your Account Isn't Verified!

In order to create a playlist on Sporcle, you need to verify the email address you used during registration. Go to your Sporcle Settings to finish the process.

Report this User

Report this user for behavior that violates our Community Guidelines.

Details: